| 000 | 00453nam a2200181Ia 4500 | ||
|---|---|---|---|
| 001 | 25101 | ||
| 005 | 20260414151127.0 | ||
| 008 | 260414t2015||||xx |||||||||||||| ||spa|| | ||
| 041 | _aESP | ||
| 082 |
_a346.2 _bH27 |
||
| 100 |
_aHawie Lora, Illian Milagros _eAUT |
||
| 245 | 0 |
_aManual de jurisprudencia de derecho de familia _b |
|
| 260 | _c2015 | ||
| 300 |
_a614 páginas : _c25 cm. |
||
| 650 | _aDER | ||
| 654 | _aCDE | ||
| 942 |
_cLIB _dJUS _fJUS _2ddc _n |
||
| 999 |
_c25101 _d25101 |
||